| 000 | 00756nas a2200265 4500 | ||
|---|---|---|---|
| 001 | BR9904236 | ||
| 003 | BR-BrBNA | ||
| 005 | 20231205101554.0 | ||
| 007 | ta | ||
| 008 | 230509b bl.|||p| |||| 00| 00por d | ||
| 040 |
_aBR-BrBNA _bpor _cBiblioteca Nacional de Agricultura |
||
| 041 | _a(Pt) | ||
| 072 | _aF03 | ||
| 100 | 1 | _aLin, S.S. | |
| 245 | 1 | _aQuebra de dormencia de sementes do feijao-mungo | |
| 650 | _aFeijao Mungo | ||
| 650 | _aVariedade | ||
| 650 | _aSemente | ||
| 650 | _aQuebra da Dormencia | ||
| 650 | _aTratamento | ||
| 650 | _aGerminacao | ||
| 773 | 0 |
_tPesquisa Agropecuaria Brasileira (Brazil) _xISSN 0100-204X _g(Jun 1999), v. 34(6) p. 1081-1086 _wBR9904236 |
|
| 909 |
_a202311 _bLúcia _c55 _dLúcia Elande |
||
| 942 |
_2AGRIS _n0 _cANA |
||
| 999 |
_c162611 _d162611 |
||